México en la Exposición Universal Internacional de París-1900 (Record no. 3625)

MARC details
000 -CABECERA
campo de control de longitud fija 00656nam a2200229 a 4500
001 - NÚMERO DE CONTROL
campo de control BRCA_3897
005 - FECHA Y HORA DE LA ÚLTIMA TRANSACCIÓN
campo de control 20190320204451.0
008 - DATOS DE LONGITUD FIJA--INFORMACIÓN GENERAL
campo de control de longitud fija 050110s1901----fr-a######---#000-0#spa-#
041 ## - CÓDIGO DE LENGUA
Código de lengua del texto/banda sonora o título independiente spa
044 ## - CÓDIGO DEL PAÍS DE LA ENTIDAD EDITORA/PRODUCTORA
Código MARC del país fr
050 #4 - SIGNATURA TOPOGRÁFICA DE LA BIBLIOTECA DEL CONGRESO
Número de clasificación N4804
Número de documento/Ítem .M54 1901
100 1# - ENTRADA PRINCIPAL--NOMBRE DE PERSONA
Nombre de persona Mier, Sebastian B de.
9 (RLIN) 10136
245 10 - MENCIÓN DE TÍTULO
Título México en la Exposición Universal Internacional de París-1900
Mención de responsabilidad, etc. Sebastian B. de Mier.
260 ## - PUBLICACIÓN, DISTRIBUCIÓN, ETC.
Lugar de publicación, distribución, etc. París
Nombre del editor, distribuidor, etc. J. Dumoulin
Fecha de publicación, distribución, etc. 1901
300 ## - DESCRIPCIÓN FÍSICA
Extensión 301 p.
Otras características físicas il.
Dimensiones 27 cm.
500 ## - NOTA GENERAL
Nota general Encuadernación deteriorada (hojas sueltas)
500 ## - NOTA GENERAL
Nota general Incluye apéndices
500 ## - NOTA GENERAL
Nota general C108
650 14 - PUNTO DE ACCESO ADICIONAL DE MATERIA--TÉRMINO DE MATERIA
Término de materia o nombre geográfico como elemento de entrada Arte
Subdivisión de forma Exposiciones
9 (RLIN) 6285
902 ## - CATALOGADOR
Iniciales GFM
942 ## - ELEMENTOS DE PUNTO DE ACCESO ADICIONAL (KOHA)
Fuente del sistema de clasificación o colocación Library of Congress Classification
Tipo de ítem Koha Libros
Holdings
Estado de retiro Estado de pérdida Estado dañado No para préstamo Localización permanente Ubicación/localización actual Fecha de adquisición Número de inventario Total de préstamos Signatura topográfica completa Código de barras Fecha visto por última vez Precio válido a partir de Tipo de ítem Koha
El ejemplar forma parte de la colección y puede ser consultado según las políticas vigentes.       Biblioteca del Museo Franz Mayer (Rogerio Casas-Alatriste) Biblioteca del Museo Franz Mayer (Rogerio Casas-Alatriste) 05/01/2010 C108   N4804 .M54 1901 (C108) 3894 22/03/2019 22/03/2019 Libros